LEADER 01795nam 22004093u 450 001 9910454521403321 005 20210113170926.0 010 $a9786611972806 010 $a1-281-97280-0 010 $a0-309-12845-5 035 $a(CKB)1000000000721495 035 $a(EBL)3378415 035 $a(MiAaPQ)EBC3378415 035 $a(EXLCZ)991000000000721495 100 $a20170301d2008|||| u|| | 101 0 $aeng 135 $aur|n|---||||| 200 10$aSpacecraft Maximum Allowable Concentrations for Selected Airborne Contaminants$b[electronic resource] 210 $aWashington $cNational Academies Press$d2008 215 $a1 online resource (407 p.) 300 $aDescription based upon print version of record. 311 $a0-309-12844-7 327 $a""Preface""; ""Contents""; ""Introduction""; ""Appendix""; ""1 Acrolein""; ""2 C3 to C8 Aliphatic Saturated Aldehydes""; ""3 Ammonia""; ""4 Benzene""; ""5 n-Butanol""; ""6 C2-C9 Alkanes""; ""7 Carbon Dioxide""; ""8 Carbon Monoxide""; ""9 1,2 - Dichloroethane""; ""10 Dimethylhydrazine""; ""11 Ethanol""; ""12 Formaldehyde""; ""13 Limonene""; ""14 Methanol""; ""15 Methylene Chloride""; ""16 Propylene Glycol""; ""17 Toluene""; ""18 Trimethylsilanol""; ""19 Xylenes"" 606 $aLife support systems (Space environment) 606 $aSpace cabin atmospheres 608 $aElectronic books. 615 4$aLife support systems (Space environment). 615 4$aSpace cabin atmospheres. 676 $a629.474 700 $aGuidelines$b Committee on Spacecraft Exposure$0991258 801 0$bAU-PeEL 801 1$bAU-PeEL 801 2$bAU-PeEL 906 $aBOOK 912 $a9910454521403321 996 $aSpacecraft Maximum Allowable Concentrations for Selected Airborne Contaminants$92268306 997 $aUNINA LEADER 01326nam a2200337 i 4500 001 991000839089707536 005 20020507174304.0 008 980410s1996 uk ||| | eng 020 $a0582229294 035 $ab10764458-39ule_inst 035 $aLE01303108$9ExL 040 $aDip.to Matematica$beng 082 0 $a515.353 084 $aAMS 35B40 100 1 $aDangelmayr, Gerhard$055413 245 10$aDynamics of nonlinear waves in dissipative systems :$breduction, bifurcation and stability /$cGerhard Dangelmayr ... [et al.] 260 $aHarlow, Essex, England :$bLongman,$c1996 300 $a277 p. :$bill. ;$c25 cm. 490 0 $aPitman research notes in mathematics series, ISSN 02693674 ;$v352 500 $aIncludes bibliographical references (p. 263-277) 650 4$aBifurcation theory 650 4$aChaotic behavior in systems 650 4$aNonlinear differential equations 650 4$aNonlinear wave equations 650 4$aTheory of wave motion 907 $a.b10764458$b23-02-17$c28-06-02 912 $a991000839089707536 945 $aLE013 35B DAN11 (1996)$g1$i2013000097428$lle013$o-$pE0.00$q-$rl$s- $t0$u0$v0$w0$x0$y.i10859986$z28-06-02 996 $aDynamics of nonlinear waves in dissipative systems$9923236 997 $aUNISALENTO 998 $ale013$b01-01-98$cm$da $e-$feng$guk $h0$i1 LEADER 01584nam 2200457 450 001 9910794262603321 005 20210208192804.0 010 $a1-83909-782-5 035 $a(CKB)4100000011458496 035 $a(MiAaPQ)EBC6348705 035 $a(EXLCZ)994100000011458496 100 $a20210208d2020 uy 0 101 0 $aeng 135 $aurcnu|||||||| 181 $ctxt$2rdacontent 182 $cc$2rdamedia 183 $acr$2rdacarrier 200 00$aDesigning effective library learning spaces in higher education. /$fEnakshi Sengupta, Patrick Blessinger, Milton D. Cox 205 $aFirst edition. 210 1$aBingley, United Kingdom :$cEmerald Publishing Limited,$d[2020] 210 4$dİ2020 215 $a1 online resource (216 pages) $cillustrations 225 1 $aInnovations in higher education teaching and learning ;$vVolume 29 311 $a1-83909-783-3 320 $aIncludes bibliographical references and indexes. 410 0$aInnovations in higher education teaching and learning ;$vv. 29. 606 $aAcademic libraries$xDesign and construction 606 $aLibraries$xSpace utilization 615 0$aAcademic libraries$xDesign and construction. 615 0$aLibraries$xSpace utilization. 676 $a022.3 702 $aSengupta$b Enakshi 702 $aCox$b Milton D. 702 $aBlessinger$b Patrick 801 0$bMiAaPQ 801 1$bMiAaPQ 801 2$bMiAaPQ 906 $aBOOK 912 $a9910794262603321 996 $aDesigning effective library learning spaces in higher education$93695794 997 $aUNINA